Normal view
MARC view
Entry Personal Name
001 - CONTROL NUMBER
- control field: 465369
003 - CONTROL NUMBER IDENTIFIER
- control field:
005 - DATE AND TIME OF LATEST TRANSACTION
- control field: 20210602133151.0
008 - FIXED-LENGTH DATA ELEMENTS
- fixed length control field: 210602|| aca||aabn | a|a d
040 ## - CATALOGING SOURCE
- Original cataloging agency:
- Transcribing agency:
100 ## - HEADING--PERSONAL NAME
- Personal name: Selesnick, Sheldon T.
670 ## - SOURCE DATA FOUND
- Source citation: Work cat.: (): Alexander, Franz G., 1891- 465368, The history of psychiatry :, 1995
